00338nam a22001337a 4500020001800000040000900018082001700027100002000044110002200064245003000086250001600116260004200132650003000174 a9788126513710 cNUST a629.8317 KUO aKuo, Benjamin C aGolnaraghi, Farid aAutomatic Control Systems a8th Edition aNew Delhi:bJohn Wiley & Sons,c2012. aAutomatic Control Systems